| 000 | 00600nam a2200181 a 4500 | ||
|---|---|---|---|
| 001 | 000030552 | ||
| 005 | 20200930062356.0 | ||
| 008 | 110324s1990 dr a 000 0 spa d | ||
| 040 |
_aDO-SdBNP _bspa _cBNPHU |
||
| 082 |
_axxxx _bxxxx |
||
| 100 | 1 |
_aCoiscou Weber, Rodolfo _919739 |
|
| 245 | 1 | 0 |
_aCurso de relaciones humanas : _bapuntes de cátedra / _cRodolfo Coiscou Weber. |
| 250 | _a2a ed. | ||
| 260 |
_aSanto Domingo : _bUniversidad Eugenio María de Hostos, _c1990. |
||
| 300 |
_a148 p. : _bil. ; _c17 cm. |
||
| 490 | 1 |
_aAntología de nuestra voz _v7 |
|
| 830 | 0 |
_aAntología de nuestra voz _v7 _923130 |
|
| 999 |
_c30044 _d30044 |
||